| 000 | 00684nam a2200229Ia 4500 | ||
|---|---|---|---|
| 008 | 191130s2000##################000#0#eng## | ||
| 020 | _a9780140296464 | ||
| 040 |
_aACL _cACL |
||
| 082 | _a338.47 LEW | ||
| 100 | _aLewis, Michael | ||
| 245 |
_aThe new thing : a silicon valley story _cMichael Lewis |
||
| 260 |
_aLondon _bPenguin Books _c©2000 |
||
| 300 | _axviii, 266 p. ; 20 cm | ||
| 500 | _aOriginally published in the U.S. by W.W. Norton & Co., 2000 | ||
| 650 | _aBusinessmen | ||
| 650 | _aClark, Jim, 1944 | ||
| 650 | _aComputer software industry | ||
| 650 | _aUnited States | ||
| 990 | _a719e9a52ac10000c4034b8e48f4a5669 | ||
| 991 | _a186545 | ||
| 999 |
_c61183 _d61183 |
||